000
00407nam a22001697a 4500
005
20251108172256.0
008
250721s1987 xx 000 0 ara d
082
1
4
_a
611/دور
100
1
_a
الدوري، قيس إبراهيم
245
1
0
_a
علم التشريح /
250
_a
ط2
264
_c
1987.
300
_a
443ص : مص
650
1
7
_a
التشريح
942
_2
ddc
_c
BK
999
_c
74905
_d
74905